| 000 | 00570nam a2200157Ia 4500 | ||
|---|---|---|---|
| 008 | 210716s2018 xx 000 0 und d | ||
| 020 | _a9781788623377 | ||
| 041 | _aeng | ||
| 082 | _a005.30287 NAJG | ||
| 100 | _aNajera-Gutierrez, Gilberto; Ansari, Juned Ahmed. | ||
| 245 |
_aWeb penetration testing with kali linux: explore the methods and tools of ethical hacking with kali linux. _bExplore the methods and tools of ethical hacking with kali linux. |
||
| 250 | _a3 | ||
| 260 |
_aMumbai _bPackt Publishing Ltd _c2018 |
||
| 300 | _ax,409 | ||
| 650 | _aSoftware Testing | ||
| 999 |
_c196783 _d196783 |
||